[Event "La Plata op"]
[Site "La Plata"]
[Date "2017.01.01"]
[Round "1.2"]
[White "Gardes, Martin Santiago"]
[Black "Veliz, Ariel"]
[Result "0-1"]
[WhiteElo "1500"]
[BlackElo "1877"]
[PlyCount "74"]
[EventDate "2017.01.01"]
[EventType "swiss"]
[EventRounds "6"]
[EventCountry "ARG"]
[SourceTitle "EXT 2024"]
[Source "ChessBase"]
[SourceDate "2023.10.10"]
[SourceVersion "1"]
[SourceVersionDate "2023.10.10"]
[SourceQuality "1"]

1. e4 e6 2. Nf3 d5 3. exd5 exd5 4. d4 Bd6 5. Nc3 Ne7 6. Bg5 f6 7. Be3 Nbc6 8. Bb5 Bg4 9. h3 Bh5 10. g4 Bf7 11. Qd2 a6 12. Ba4 Qd7 13. g5 Nf5 14. Bxc6 Qxc6 15. gxf6 gxf6 16. 0-0-0 0-0-0 17. Rhg1 Bh5 18. Qd3 Qd7 19. Bd2 c6 20. Rde1 Kb8 21. Na4 Bg6 22. Ba5 Rde8 23. Qc3 Ng7 24. Nh4 Rxe1+ 25. Rxe1 Ne6 26. Nb6 Qf7 27. Bb4 Bc7 28. Na4 Re8 29. Nc5 Nf4 30. Rxe8+ Qxe8 31. Kb1 Ka7 32. b3 Qe2 33. Nxg6 hxg6 34. Nd7 Ne6 35. Qe3 Qd1+ 36. Kb2 Bf4 37. Qxe6 Bc1+ 0-1